| 000 | 01239nac a22002771u 4500 | ||
|---|---|---|---|
| 010 | _a 93037586 | ||
| 020 | _a0198563744 : | ||
| 082 | 0 | 0 |
_a658.00952 _bLOR |
| 090 |
_c7155 _d7155 |
||
| 100 | _aLorriman, John. | ||
| 245 | 1 | 0 |
_aJapan's winning margins : _bmanagement, training, and education / _cJohn Lorriman and Takashi Kenjo. |
| 260 |
_aOxford ; _aNew York : _bOxford University Press, _c1994. |
||
| 300 |
_axvii, 214 p. : _bill. ; _c25 cm. |
||
| 500 | _adistributer: Al-Ahram, | ||
| 504 | _aIncludes bibliographical references and index. | ||
| 511 | _acatalogued by: wessam | ||
| 650 | 0 |
_aManagement _zJapan. |
|
| 650 | 0 |
_aVocational education _zJapan. |
|
| 650 | 0 |
_aOccupational training _zJapan. |
|
| 650 | 0 |
_aEducation _zJapan. |
|
| 700 | 1 | _aKenjō, Takashi. | |
| 856 | 4 | 2 |
_3Publisher description _uhttp://www.loc.gov/catdir/enhancements/fy0640/93037586-d.html |
| 856 | 4 | 2 |
_3Table of contents only _uhttp://www.loc.gov/catdir/enhancements/fy0640/93037586-t.html |
| 856 | 4 | 2 |
_3Contributor biographical information _uhttp://www.loc.gov/catdir/enhancements/fy0726/93037586-b.html |
| 942 |
_cBB _k658.00952JAP |
||
| 999 |
_c7155 _d7155 |
||